000 00566nam a22001817a 4500
003 CEME
005 20210628203441.0
008 210122b xxu||||| |||| 00| 0 eng d
020 _a1-85233-828-8
040 _c.
082 _a629.8 ESP
100 _aEspinosa, Jairo , Vandewalle, Joos , Wertz, Vincent
_965546
245 _aFuzzy logic, identification and predictive control
260 _aNEW YORK
_bSPRINGER
_c2005
300 _aXIX,255 P
650 _aPREDICTIVE CONTROL. FUZZY SYSTEMS.AUTOMATIC CONTROL.FUZZY LOGIC.DATA MINING.
_965547
942 _cBK
_2ddc
999 _c573720
_d573720